000 00811nam a2200241 4500
003 OSt
005 20240606014534.0
006 a
008 240606b |||||||| |||| 00| 0 eng d
020 _a1584795468
040 _aDWCL-HMN lib.
_cOC
082 _aCirc. 641.56383 T468g 2005
100 _aThompson, Anthony Worrall
245 _aThe g.i. diet cookbook : more than 100 low glycemic-index recipes for healthy weight loss /
260 _a New York :
_bStewart, Tabori and Chang,
_cc2005.
300 _b159 pages : colored illustrations ;
_c23 cm.
504 _aIncludes bibliographical references.
650 _a1. Reducing diets–Recipes.
650 _a2. Low carbohydrate diet–Recipes.
650 _a3. Glycemic index.
700 _aAnthony Worrall Thompson
942 _2ddc
_n0
_cBK-CIRC
_kCirc.
999 _c234
_d234